Pays par plus bas taux de suicide - Statistiques

Statistiques générales
  • Ce quiz a été pris 293 fois
  • Le résultat moyen est 6 sur 21
Statistiques - réponses
*rate hint Pays % Correct
2.0 Ameriques Jamaique
48%
2.4 Ameriques Saint-Vincent-et-les-Grenadines
48%
1.6 Ameriques Bahamas
46%
0.4 Asie Barbade
45%
1.7 Ameriques Grenade
42%
0.5 Ameriques Antigua-et-Barbuda
40%
2.9 Ameriques Guatemala
38%
3.4 Ameriques Honduras
37%
3.1 Afrique Maroc
36%
3.3 Afrique Algerie
35%
3.4 Asie Arabie Saoudite
31%
3.2 Afrique Tunisie
31%
2.7 Asie Emirats Arabes Unis
26%
2.2 Asie Koweit
26%
3.2 Asie Liban
24%
2.4 Asie Syrie
20%
2.7 Asie Maldives
19%
3.1 Asie Pakistan
19%
3.1 Afrique São Tomé et Príncipe
10%
2.6 Asie Azerbaïdjan
8%
3.3 Asie Tadjikistan
7%
Aucun quiz correspondant
Distribution des résultats
% des personnes avec chaque résultat
Percentile par nombre de réponses
Votre historique - résultats
Vous n’avez pas pris ce quiz